| 000 | 00793nam a22002057a 4500 | ||
|---|---|---|---|
| 003 | OSt | ||
| 005 | 20260311021451.0 | ||
| 008 | 260311b |||||||| |||| 00| 0 eng d | ||
| 020 | _a0448095319 | ||
| 040 |
_aDWCK GS lib _cOC |
||
| 082 | _aFic. K26n 1974 | ||
| 100 | _aKeene Carolyn | ||
| 245 |
_a THE RINGMASTER'S SECRET _cCarolyn Keene |
||
| 260 |
_aNew York _bCarolyn Keene _c1953 |
||
| 300 |
_aExtent- vii, 178 pages: _billustrations ; _c20cm |
||
| 520 | _aNancy investigates a crooked circus ringmaster, Mr. Kroon, who is exploiting performers and searching for a hidden treasure | ||
| 650 | _a. The "conduct of life" in this context refers to the behaviors, themes, and personal conduct of the characters navigating this environment. | ||
| 700 | _aCarolyn Keene | ||
| 942 |
_2ddc _cFIC. _n0 |
||
| 999 |
_c8917 _d8917 |
||